Trauma y reparación: el tratamiento del abuso sexual en la infancia.
Wedi'i Gadw mewn:
| Prif Awdur: | |
|---|---|
| Fformat: | Llyfr |
| Iaith: | Sbaeneg |
| Cyhoeddwyd: |
Barcelona, España
Paidós
2000
|
| Cyfres: | Terapia Familiar.
79 |
| Pynciau: | |
| Tagiau: |
Ychwanegu Tag
Dim Tagiau, Byddwch y cyntaf i dagio'r cofnod hwn!
|
MARC
| LEADER | 00000nam a2200000 a 4500 | ||
|---|---|---|---|
| 001 | UCM0421 | ||
| 003 | CL-VaPUC | ||
| 005 | 20220421074149.0 | ||
| 008 | 020301e20000000SP |||||||||||||||||spa|d | ||
| 999 | |c 299328 |d 299326 | ||
| 020 | |a 8449308992 | ||
| 040 | |c Pontificia Universidad Católica de Valparaíso | ||
| 082 | 0 | 4 | |a 618.9285836 MAL 2000 |2 21 |
| 100 | |a Malacrea, Marinella |e autora |9 467170 | ||
| 245 | 1 | 0 | |a Trauma y reparación: el tratamiento del abuso sexual en la infancia. |
| 260 | 0 | 3 | |a Barcelona, España |b Paidós |c 2000 |
| 300 | |a 254 páginas | ||
| 490 | 0 | |a Terapia Familiar. |v 79 | |
| 583 | |a last modification |c 20121001 01:38:31 |k Rodrigo Vera | ||
| 650 | 0 | |a Abuso sexual |9 475641 | |
| 650 | 0 | |a Maltrato infantil |9 324690 | |
| 650 | 0 | |a Terapia familiar |9 312193 | |
| 650 | 7 | |a PSICOTERAPIA |2 CL-VaPUC |9 467172 | |
| 942 | |c BK |2 ddc | ||
| 945 | |d 20020301 00:00:00 |a cmena | ||
| 952 | |0 0 |1 0 |2 ddc |4 0 |6 618_928583600000000_MAL_2000 |7 0 |8 A |9 355806 |a BIBEDU |b BIBEDU |d 2019-11-21 |i 3791262 |l 3 |o 618.9285836 MAL 2000 |p 3791262 |r 2021-12-22 |s 2021-12-09 |t 1 |w 2019-11-21 |y BK |k PSI | ||
| 952 | |0 0 |1 0 |2 ddc |4 0 |6 618_928583600000000_MAL_2000 |7 0 |8 A |9 355807 |a BIBEDU |b BIBEDU |d 2019-11-21 |i 3806391 |o 618.9285836 MAL 2000 |p 3806391 |r 2019-11-21 |t 2 |w 2019-11-21 |y BK |k BME | ||
| 952 | |0 0 |1 0 |2 ddc |4 0 |6 618_928583600000000_MAL_2000 |7 0 |8 A |9 355808 |a BIBEDU |b BIBEDU |d 2019-11-21 |i 4124405 |o 618.9285836 MAL 2000 |p 4124405 |r 2019-11-21 |t 3 |w 2019-11-21 |y BK |k PSI | ||